000 00540nam a2200205 4500
005 20160713120722.0
008 160713b xxu||||| |||| 00| 0 eng d
020 _a8189323903
_c700.00
040 _aLoreto College
041 _aBengali
082 _aTAG/891.44/
_bTAG
100 _aPathak, Ashis
245 _aRabindranather ganer chhabi
_cAshis Pathak
260 _aKolkata
_bPratikshan
_c2016
300 _a144p
_b22cm
600 _aTagore,Rabindranath
650 _aTagore,Rabindranath-Paintings
850 _aLCLIB
942 _cBK
999 _c40665
_d91144